Countries Starting With U - One Minute Sprint - Statistics

General Stats
  • This quiz has been taken 99 times
  • The average score is 6 of 7
Answer Stats
country % Correct
United Kingdom
96%
Uganda
95%
Uruguay
95%
United States
92%
Uzbekistan
92%
United Arab Emirates
86%
Ukraine
84%
No matching quizzes found
Score Distribution
Percent of People with Each Score
Percentile by Number Answered
Your Score History
You have not taken this quiz